书目信息 |
| 题名: |
贫困地区山地灾害风险与监测预警技术研究
|
|
| 作者: | 田宏岭 著 | |
| 分册: | ||
| 出版信息: | 北京 科学出版社 2016.04 |
|
| 页数: | 150页 | |
| 开本: | 24cm | |
| 丛书名: | ||
| 单 册: | ||
| 中图分类: | P694 | |
| 科图分类: | ||
| 主题词: | 贫困山区--山地灾害--风险评价 , 贫困山区--山地灾害--监测系统 | |
| 电子资源: | ||
| ISBN: | 978-7-03-047832-0 | |
| 000 | 01264nam0 2200253 450 | |
| 001 | 3798 | |
| 005 | 20181008151505.52 | |
| 010 | @a978-7-03-047832-0@dCNY118.00 | |
| 100 | @a20160603d2016 em y0chiy0110 ea | |
| 101 | 0 | @achi |
| 102 | @aCN@b110000 | |
| 105 | @aab z 000yy | |
| 200 | 1 | @a贫困地区山地灾害风险与监测预警技术研究@9pin kun di qu shan di zai hai feng xian yu jian ce yu jing ji shu yan jiu@f田宏岭[等]著 |
| 210 | @a北京@c科学出版社@d2016.04 | |
| 215 | @a150页@c图,地图@d24cm | |
| 300 | @a国家科技支撑课题 国家自然基金 中国科学院STS项目联合资助 | |
| 304 | @a著者还有:张建强、樊晓一、聂勇、杨宗佶、林家元 | |
| 330 | @a本书以贫困与山地灾害关系为出发点,初步揭示了贫困与山地灾害之间的关系。并从风险理念出发,以我国最大的少数民族连片贫困地区——武陵山区为例,示范并建立了适用于贫困地区的多尺度(省区级、地州级、县级)山地灾害监测与预警方法体系,内容包括区域灾害时空特征分析、基于遥感方法的灾害识别、建立于灾害历史数据基础上的区域灾害易发性分析、基于诱发因素的区域灾害危险性趋势预警等。最后,根据风险理念,提出了适用于扶贫的减灾建议。 | |
| 606 | 0 | @a贫困山区@x山地灾害@x风险评价 |
| 606 | 0 | @a贫困山区@x山地灾害@x监测系统 |
| 690 | @aP694@v5 | |
| 701 | 0 | @a田宏岭@9tian hong ling@4著 |
| 801 | 0 | @aCN@b91MARC@c20160804 |
| 905 | @aMuseLib@dP694@e83 | |
| 贫困地区山地灾害风险与监测预警技术研究/田宏岭[等]著.-北京:科学出版社,2016.04 |
| 150页:图,地图;24cm |
| 国家科技支撑课题 国家自然基金 中国科学院STS项目联合资助 |
| ISBN 978-7-03-047832-0:CNY118.00 |
| 本书以贫困与山地灾害关系为出发点,初步揭示了贫困与山地灾害之间的关系。并从风险理念出发,以我国最大的少数民族连片贫困地区——武陵山区为例,示范并建立了适用于贫困地区的多尺度(省区级、地州级、县级)山地灾害监测与预警方法体系,内容包括区域灾害时空特征分析、基于遥感方法的灾害识别、建立于灾害历史数据基础上的区域灾害易发性分析、基于诱发因素的区域灾害危险性趋势预警等。最后,根据风险理念,提出了适用于扶贫的减灾建议。 |
| ● |
| 相关链接 |
|
|
|
|
正题名:贫困地区山地灾害风险与监测预警技术研究
索取号:P694/83
 
预约/预借
| 序号 | 登录号 | 条形码 | 馆藏地/架位号 | 状态 | 备注 |
| 1 | 1123771 | 211237712 | 第二样本阅览室/ [索取号:P694/83] | 在馆 | |
| 2 | 1123772 | 211237721 | 第三借阅区/ [索取号:P694/83] | 在馆 | |
| 3 | 1123773 | 211237730 | 密集书库-资源管理系/ [索取号:P694/83] | 在馆 | |
| 4 | 1123774 | 211237749 | 第三借阅区/ [索取号:P694/83] | 在馆 |